| 000 | 00989nam a22003137a 4500 | ||
|---|---|---|---|
| 005 | 20110118110422.0 | ||
| 008 | 110118t xxu||||| |||| 00| 0 eng d | ||
| 010 | _aENG-101895 | ||
| 020 |
_a9780070700390 _c325.00 |
||
| 020 |
_a0070700397 _c325.00 |
||
| 035 | _aEN-85428 | ||
| 037 | _bDBAD/PUB | ||
| 040 |
_adpl _bEng |
||
| 082 | _a530 | ||
| 100 |
_aBeiser, Arthur _925318 |
||
| 245 |
_aSchaum's outlines fundamentals of physics with applications / _cby Arthur Beiser ; adapted by Samarjit Sengupta |
||
| 250 | _a5th ed | ||
| 260 |
_aNew Delhi _bTata McGraw Hill _c2011 |
||
| 270 |
_a7 West Patel Nagar _bNew Delhi _e110008 |
||
| 300 |
_aVarious pagings : _c24cm (pbk) _bill. |
||
| 500 | _aIncludes index. | ||
| 650 | _925319 | ||
| 650 | _925343 | ||
| 650 | _925349 | ||
| 700 | _925321 | ||
| 700 | _925322 | ||
| 942 |
_2ddc _cEN _h530 _mBEI |
||
| 999 |
_c49878 _d49878 |
||